Представление документа в формате MARC21

ПолеНазваниеЗначение
  Тип записи a
  Библиографический уровень m
001 Контрольный номер RU\infra-m\znanium\bibl\2237054
005 Дата корректировки 20260429142107.8
008 Кодируемые данные 260326s2025 RU g rus u
020 Индекс ISBN __
a ISBN 978-601-81159-1-2
040 Источник каталогиз. __
a Служба первич. каталог. Общество с ограниченной ответственностью «ЗНАНИУМ»
041 Код языка издания __
a Код языка текста rus
044 Код страны публикации __
a Код страны публикации RU
080 Индекс УДК __
a Индекс УДК 821
084 Индекс другой классификации/Индекс ББК __
2 Источник индекса rubbk
a Индекс другой классификации/Индекс ББК 84
100 Автор __
a Автор Клиновская А.
q Полное имя Клиновская Айгуль
245 Заглавие __
a Заглавие Дата С. Когда жизнь начинается заново
b Продолж. заглавия Художественная литература
250 Сведения об издании __
a Основные сведения об издании 1
260 Выходные данные __
a Место издания Москва
b Издательство Zerde Publishing
c Дата издания 2026
300 Физическое описание __
a Объем 292 с.
520 Аннотация __
a Аннотация Жизнь не любит сослагательного наклонения но если бы ты узнал дату собственной смерти — как изменилось бы твоё отношение к самому себе? Куда и к кому ты пойдёшь как отделишь важное от проходящего? Четверым героям которые могли бы никогда не встретиться одновременно сообщили дедлайн — буквально пограничную линию их жизни. Осталось решить что делать с этим знанием. Может быть это неудачная злая шутка пробегавшего мимо чудака? А вдруг это шанс начать всё с чистого листа?
521 Примеч. о цел. назн. __
a Примеч. о целев. назн. Дополнительное образование взрослых
650 Тематические рубрики __
a Основная рубрика Художественная литература. Досуг
x Основная подрубрика Современная российская литература
655 Указ. предметных рубрик (устаревшее) __
a Жанр/ форма (устаревшее) Художественная литература
856 Электронный адрес документа 4_
a Имя сервера/домена znanium.ru
m Помощь ebs_support@infra-m.ru
n Местонахождение сервера НИЦ ИНФРА-М
u URL https://znanium.ru/catalog/document?id=474809
856 Электронный адрес документа 48
a Имя сервера/домена znanium.ru
d Путь /cover/2237
f Электронное имя 2237054.jpg
q Тип электронного формата image/jpeg
u URL https://znanium.ru/cover/2237/2237054.jpg
911 __
u 0030=https://znanium.ru/catalog/document?id=474809